| 000 | 00681cab a2200253 4500 | ||
|---|---|---|---|
| 001 | ABS53436 | ||
| 008 | 090401t1995 xxu||||| |||| 00| 0 eng d | ||
| 035 | _a(Sirsi) u4173 | ||
| 041 | _aeng | ||
| 245 | _aBattle of the bases | ||
| 260 | _c1995 | ||
| 350 | _a0 | ||
| 490 |
_aPlanning Week _v3(34) 24 August 1995, 16-19(4) |
||
| 520 | _aExamines the redevelopment of redundant MoD bases, highlighting the concerns expressed by local communities. | ||
| 650 | _aDEFENCE LANDS | ||
| 650 | _aMILITARY BASES | ||
| 650 | _aMINISTRY OF DEFENCE | ||
| 650 | _aMOD | ||
| 650 | _aREDEVELOPMENT | ||
| 650 | _aSURPLUS LAND | ||
| 690 | _aLAND | ||
| 942 | _n0 | ||
| 948 | _c04/03/1997 | ||
| 999 |
_c2497 _d2497 |
||